000 00560cam a22002291 4500
001 sa 67007086
003 DLC
005 20260227112412.0
008 890801s1966 ii a 000 0 hino
010 _asa 67007086
035 _a(OCoLC)20108017
040 _aDLC
_cWaU
_dDLC
042 _apremarc
050 0 0 _aPK5434
_b.D3
100 0 _aDarshan Premi,
_d1941-
245 1 0 _aAura kāravām̐ banatā gayā.
260 _c[1966]
300 _a104 p.
_bill.
_c17 cm.
500 _aHindi, Panjabi or Urdu.
500 _aPoems.
650 0 _aIndic poetry.
999 _c76348
_d76348